00427nam a2200121Ia 4500008004100000024006000041082001900101100006900120245003200189260002500221600002100246650003800267250506s9999 xx 000 0 und d a00A-10-BCS3, 00A-26-BCS3, 00A-28-BCS3 & 00A-33-BCS3 a005.758072 MUH aM. Adil Siddiqui , Saqib Mehmood , Muhammad Aamir & Shafia Ahmed 0aDistributed Database System aKarachi:bUIT,c2000 aComputer Science aBachelor of Computer Science (BS)